| 000 | 00418nam a2200157 i 4500 | ||
|---|---|---|---|
| 001 | 101338 | ||
| 003 | ES-MaACL | ||
| 007 | t| | ||
| 008 | 051017s1911 fr ||||1| fre d | ||
| 100 | 1 |
_aMaurras, Charles. _979271 |
|
| 245 | 1 | 0 |
_aEnquête sur la monarchie, 1900-1909 / _cCharles Maurras. |
| 250 | _a5ª ed. | ||
| 260 |
_aParis : _bLabure, _c1911. |
||
| 300 |
_aLVI, 564 p. ; _c23 cm. |
||
| 852 |
_aES-MaACL _jG-4200 |
||
| 999 |
_c101338 _d101338 |
||